| 000 | 00622nam a22002057a 4500 | ||
|---|---|---|---|
| 999 |
_c6385 _d6385 |
||
| 003 | AR-CdUCM | ||
| 008 | 190315b ||||| |||| 00| 0 spa d | ||
| 040 |
_aMUNICIPALIDAD PROVINCIAL DEL CUSCO _cBIBLIOTECA MUNICIPAL DEL CUSCO |
||
| 082 |
_a818.36 / _bM41 |
||
| 100 |
_aMelville, Herman _91506 |
||
| 245 | _aBenito Cereno / | ||
| 260 |
_aSantiago de Chile : _bZig-Zag, _c1944 |
||
| 300 |
_a142 páginas ; _c17 cm. |
||
| 500 | _aDonación familia Nieto | ||
| 650 |
_aNovelas estadounidenses _9734 |
||
| 650 |
_aSiglo XIX _9971 |
||
| 700 |
_aSouviron, Jose Maria (traductor) _918186 |
||
| 942 |
_2ddc _cLIBROS |
||
| 945 | _aafb | ||